Bobs Burgers 7-to-1 Quiz Stats

 Plays Quiz not verified by Sporcle

Challenge
Share
Tweet
Embed
Score 0/25 Timer 03:00
0 Plays Today
% Correct
Jimmy Pesto Jr.
94.6%
Josh
81.3%
Jimmy Pesto
80.4%
Ms. Schnur
77.7%
Phillip Frond
77.5%
Mr. Ambrose
76.8%
Coach Blevins
76.3%
Mr. Branca
76%
Boo Boo
74.7%
Courtney Wheeler
74.2%
Bob Belcher
71.4%
Jeff
69.4%
Edith Cranwinkle
67.9%
% Correct
Griffin
67.7%
Jonas
66.7%
Allen
65.6%
Dr. Yap
64.7%
Harold Cranwinkle
62.5%
Mort
62.3%
Matt
61.5%
Nathan
56.9%
Big Bob
50.3%
Jordan Cagan
48.9%
Joe Harrison
36.8%
Peter Pescadero
34.1%

You're not logged in!

Compare scores with friends on all Sporcle quizzes.
Join for Free
OR
Log In

You Might Also Like...

Show Comments

Extras

Top Quizzes Today


Score Distribution

Your Account Isn't Verified!

In order to create a playlist on Sporcle, you need to verify the email address you used during registration. Go to your Sporcle Settings to finish the process.

Report this User

Report this user for behavior that violates our Community Guidelines.

Details: